000 00400cam a22001217a 4500
008 180718b1965 xxu||||| |||| 00| 0 eng d
082 _aA81x54 In2/61/Vol 9/Pt 6-23
100 _aCensus of India 1961
245 _aMadras: village survey monographs, Nellithorai
260 _aDelhi
_bThe Manager of Publications
_c1965
300 _a78+p.
440 _aCensus of India 1961. Volume IX, Madras. Part VI-23
999 _c484237
_d484237